[Event "Junior Online 4NCL Division 5"]
[Site "online"]
[Date "2021.01.21"]
[Round "1.23"]
[White "Semeiko-Wang, Lily"]
[Black "Kitaev, Daniel"]
[Result "0-1"]
[WhiteElo "1000"]
[BlackElo "1405"]
[PlyCount "26"]
[EventDate "2021.01.21"]
[WhiteTeam "King's Cross Kings"]
[BlackTeam "Lenzie Basilisks"]

1. e4 d5 2. exd5 Nf6 3. Nf3 Nxd5 4. Bc4 Nc6 5. Bxd5 Qxd5 6. O-O Bg4 7. h3 Bxf3
8. gxf3 Qg5+ 9. Kh1 Qh4 10. Kh2 e6 11. Qe2 Bd6+ 12. Kh1 Qxh3+ 13. Kg1 Qh2# 0-1

[Event "Junior Online 4NCL Division 5"]
[Site "online"]
[Date "2021.01.21"]
[Round "1.24"]
[White "Marenduzzo, Ollie"]
[Black "Lew, Elisha"]
[Result "1/2-1/2"]
[WhiteElo "968"]
[BlackElo "1000"]
[PlyCount "91"]
[EventDate "2021.01.21"]
[WhiteTeam "Lenzie Basilisks"]
[BlackTeam "King's Cross Kings"]

1. e4 e5 2. d4 f6 3. dxe5 fxe5 4. Qh5+ g6 5. Qxe5+ Qe7 6. Qxh8 Qxe4+ 7. Ne2 Ne7
8. Bh6 Qf5 9. Nbc3 Nbc6 10. Bxf8 Qxf8 11. Qxf8+ Kxf8 12. O-O-O b6 13. g3 Bb7
14. Bg2 h5 15. Rxd7 g5 16. Rxc7 Rb8 17. Nd4 Nxd4 18. Bxb7 h4 19. gxh4 gxh4 20.
Rg1 h3 21. Rg3 Ne6 22. Rd7 Nc5 23. Rxe7 Kxe7 24. Bd5 Kd6 25. Bf3 a5 26. Ne4+
Nxe4 27. Bxe4 Ke5 28. Bd3 Rf8 29. f3 Kd4 30. Rxh3 Ke3 31. b3 Rf4 32. Kb2 Rf8
33. Kc3 Rf4 34. Rh6 Kxf3 35. Rxb6 Rf5 36. Bxf5 Kf4 37. Rb5 Kf3 38. Rxa5 Kg2 39.
b4 Kxh2 40. b5 Kg1 41. b6 Kf1 42. b7 Ke1 43. b8=Q Kd1 44. Qd6+ Kc1 45. Qa3+ Kd1
46. Re5 1/2-1/2

[Event "Junior Online 4NCL Division 5"]
[Site "online"]
[Date "2021.01.21"]
[Round "1.25"]
[White "Sanger, Jake M"]
[Black "Cream, Toby"]
[Result "1-0"]
[WhiteElo "2343"]
[BlackElo "1100"]
[PlyCount "81"]
[EventDate "2021.01.21"]
[WhiteTeam "Lenzie Basilisks"]
[BlackTeam "King's Cross Kings"]

1. d4 e6 2. Nf3 d5 3. Bf4 Nc6 4. e3 Nf6 5. c4 Bb4+ 6. Nc3 Ne4 7. Rc1 Nxc3 8.
bxc3 Ba3 9. Rb1 O-O 10. Bd3 Bd6 11. Bg3 Be7 12. O-O Na5 13. cxd5 Qxd5 14. Qc2
g6 15. Rb5 Qc6 16. Rxa5 Bd6 17. Rb5 Bxg3 18. hxg3 a6 19. Rbb1 Qd5 20. e4 Qh5
21. c4 b6 22. e5 Bb7 23. Nd2 Rac8 24. Be4 Bxe4 25. Nxe4 Qf5 26. Nf6+ Kg7 27.
Qxf5 exf5 28. d5 c6 29. d6 Rb8 30. Nd7 Rb7 31. Nxf8 Kxf8 32. Rfd1 Ke8 33. a4 a5
34. c5 b5 35. axb5 cxb5 36. c6 Rb8 37. c7 Ra8 38. d7+ Ke7 39. d8=Q+ Rxd8 40.
cxd8=Q+ Ke6 41. Qf6# 1-0

[Event "Junior Online 4NCL Division 5"]
[Site "online"]
[Date "2021.01.21"]
[Round "1.26"]
[White "Tomita, Akito"]
[Black "Moroz, Michael"]
[Result "0-1"]
[WhiteElo "1000"]
[BlackElo "1330"]
[PlyCount "66"]
[EventDate "2021.01.21"]
[WhiteTeam "King's Cross Kings"]
[BlackTeam "Lenzie Basilisks"]

1. e4 e5 2. g4 Nf6 3. f3 d5 4. exd5 Nxd5 5. Qe2 Nc6 6. f4 Nxf4 7. Qf3 Qh4+ 8.
Qf2 Qxf2+ 9. Kxf2 Bxg4 10. h3 Bf5 11. d3 Bc5+ 12. Be3 Bxe3+ 13. Kxe3 Nd4 14.
Nc3 Nxc2+ 15. Kd2 Nxa1 16. Nf3 O-O-O 17. Ke3 Nc2+ 18. Kd2 Nd4 19. Nxe5 Rhe8 20.
Nxf7 Nf3+ 21. Kc2 Bxd3+ 22. Bxd3 Rxd3 23. Rf1 Nd4+ 24. Kc1 Nfe2+ 25. Kb1 Nxc3+
26. Kc1 Nce2+ 27. Kb1 Rf3 28. Rd1 Rxf7 29. b4 Nc3+ 30. Kc1 Nxd1 31. Kxd1 Rf2
32. h4 Nc2 33. b5 Re1# 0-1

[Event "Junior Online 4NCL Division 5"]
[Site "online"]
[Date "2021.01.21"]
[Round "1.27"]
[White "Kitaev, Daniel"]
[Black "Semeiko-Wang, Lily"]
[Result "1-0"]
[WhiteElo "1405"]
[BlackElo "1000"]
[PlyCount "105"]
[EventDate "2021.01.21"]
[WhiteTeam "Lenzie Basilisks"]
[BlackTeam "King's Cross Kings"]

1. c4 e5 2. g3 Nc6 3. Nc3 Nf6 4. Bg2 Bb4 5. a3 Bxc3 6. bxc3 Na5 7. d3 O-O 8.
Nf3 e4 9. Nd4 exd3 10. exd3 d6 11. O-O c5 12. Nb3 Nxb3 13. Qxb3 Bg4 14. Qxb7
Be2 15. Re1 Bxd3 16. Qf3 Bxc4 17. Qf4 Bb5 18. Bxa8 Qxa8 19. f3 Bc6 20. Kf2 Nd5
21. Qg4 Nxc3 22. Bh6 g6 23. Bxf8 Qxf8 24. Re3 Nd5 25. Rd3 c4 26. Qxc4 Ne7 27.
Rxd6 Qg7 28. Re1 Ba8 29. Rd8+ Qf8 30. Rxf8+ Kxf8 31. Rxe7 Kxe7 32. Qc7+ Kf6 33.
Qxa7 Bd5 34. a4 Kg7 35. a5 Kg8 36. Qb8+ Kg7 37. a6 Kf6 38. a7 Kg7 39. a8=Q Bxa8
40. Qxa8 Kh6 41. Ke3 Kg5 42. h3 Kf5 43. h4 Kf6 44. g4 Ke5 45. f4+ Kf6 46. Qe8
Kg7 47. Qe5+ Kh6 48. h5 gxh5 49. gxh5 f6 50. Qxf6+ Kxh5 51. Qg7 h6 52. Kf3 Kh4
53. Qg4# 1-0

[Event "Junior Online 4NCL Division 5"]
[Site "online"]
[Date "2021.01.21"]
[Round "1.28"]
[White "Lew, Elisha"]
[Black "Marenduzzo, Ollie"]
[Result "0-1"]
[WhiteElo "1000"]
[BlackElo "968"]
[PlyCount "78"]
[EventDate "2021.01.21"]
[WhiteTeam "King's Cross Kings"]
[BlackTeam "Lenzie Basilisks"]

1. d4 Nf6 2. Nf3 g6 3. Nc3 Bg7 4. Bf4 O-O 5. e3 d6 6. Bd3 Bg4 7. O-O Nc6 8. b4
Nxb4 9. a3 Nxd3 10. Qxd3 Bxf3 11. gxf3 c5 12. dxc5 dxc5 13. Qxd8 Rfxd8 14. Kh1
Nh5 15. Rg1 Bxc3 16. Raf1 Nxf4 17. exf4 f5 18. Rb1 b6 19. Rg3 Rd2 20. Rg5 Rxf2
21. h4 Rxf3 22. Kg2 Rxf4 23. h5 Rg4+ 24. Rxg4 fxg4 25. hxg6 hxg6 26. Rb3 Bd4
27. Rg3 Rf8 28. Rxg4 Kg7 29. Rg3 Rf2+ 30. Kg1 Rxc2+ 31. Kf1 Rf2+ 32. Ke1 a5 33.
Kd1 b5 34. Kc1 b4 35. axb4 cxb4 36. Kb1 a4 37. Kc1 a3 38. Kb1 a2+ 39. Kc1 a1=R#
0-1

[Event "Junior Online 4NCL Division 5"]
[Site "online"]
[Date "2021.01.21"]
[Round "1.31"]
[White "Shi, Shaoquan"]
[Black "Rajdev, Vamika"]
[Result "1-0"]
[WhiteElo "1513"]
[BlackElo "1150"]
[PlyCount "65"]
[EventDate "2021.01.21"]
[WhiteTeam "London Dragons Kings"]
[BlackTeam "Young Dragons C"]

1. d4 d5 2. c4 e5 3. dxe5 d4 4. Nf3 Nc6 5. Bg5 Be7 6. Bxe7 Ngxe7 7. Na3 Bg4 8.
Nc2 Bxf3 9. exf3 O-O 10. Be2 Ng6 11. O-O Ngxe5 12. f4 d3 13. fxe5 dxc2 14. Qxc2
Nxe5 15. Rad1 Qf6 16. Qc3 Rad8 17. f4 Ng6 18. Qxf6 gxf6 19. g3 Ne7 20. Bf3 Rxd1
21. Rxd1 b6 22. Rd7 Nf5 23. Rxc7 Ra8 24. Bxa8 Nd6 25. Rc6 Nf5 26. Rxf6 Ne3 27.
Bd5 Ng4 28. Rxf7 Kh8 29. Rxa7 Nf6 30. Ra6 h6 31. Rxb6 Nxd5 32. cxd5 Kg8 33. d6
1-0

[Event "Junior Online 4NCL Division 5"]
[Site "online"]
[Date "2021.01.21"]
[Round "1.32"]
[White "Kong, Emma"]
[Black "Xu, Jiarui"]
[Result "0-1"]
[WhiteElo "1000"]
[BlackElo "1452"]
[PlyCount "170"]
[EventDate "2021.01.21"]
[WhiteTeam "Young Dragons C"]
[BlackTeam "London Dragons Kings"]

1. e4 e5 2. Nf3 Nc6 3. Bc4 Bc5 4. c3 Nf6 5. d4 exd4 6. cxd4 Bb4+ 7. Bd2 Bxd2+
8. Nbxd2 d6 9. h3 O-O 10. O-O Re8 11. Re1 h6 12. Bb5 Bd7 13. d5 Ne5 14. Bxd7
Qxd7 15. Rc1 Nxf3+ 16. Qxf3 Rac8 17. Qb3 Rb8 18. Qc3 Rbc8 19. Qb3 b5 20. Qa3
Ra8 21. Qc3 Rec8 22. Qc6 a5 23. Qxd7 Nxd7 24. Nf3 Nc5 25. Re3 Nd7 26. e5 dxe5
27. Nxe5 Nxe5 28. Rxe5 Kf8 29. Rc5 Rab8 30. a3 a4 31. Kf1 b4 32. Rc1 f6 33. Re4
bxa3 34. bxa3 Ra8 35. Rec4 Ke7 36. Rxc7+ Rxc7 37. Rxc7+ Kd6 38. Rxg7 Kxd5 39.
Rh7 Rc8 40. Rxh6 Ke5 41. Rh4 Ra8 42. Ke2 f5 43. Ke3 Ra5 44. f4+ Kd5 45. Rh5 Kc4
46. Rh8 Kb3 47. Rb8+ Kxa3 48. h4 Ra6 49. Kd4 Re6 50. Kd5 Re7 51. h5 Re4 52. h6
Re7 53. Kd6 Rh7 54. Kc5 Rxh6 55. Kb5 Rg6 56. Rf8 Rxg2 57. Rxf5 Rf2 58. Kc4 Kb2
59. Kb4 a3 60. Kc4 a2 61. Rb5+ Kc1 62. Ra5 Kb1 63. Rb5+ Rb2 64. Ra5 a1=Q 65.
Rxa1+ Kxa1 66. f5 Rf2 67. Kd5 Rxf5+ 68. Ke6 Rf1 69. Ke7 Kb2 70. Kd6 Kc3 71. Kc5
Rf5+ 72. Kd6 Kd4 73. Ke6 Ke4 74. Kd6 Re5 75. Kc6 Rd5 76. Kb6 Kd4 77. Kc6 Kc4
78. Kb6 Rc5 79. Ka6 Rb5 80. Ka7 Kc5 81. Ka6 Kc6 82. Ka7 Rb6 83. Ka8 Kc7 84. Ka7
Rh6 85. Ka8 Ra6# 0-1

[Event "Junior Online 4NCL Division 5"]
[Site "online"]
[Date "2021.01.21"]
[Round "1.33"]
[White "Zhu, Pengxiao"]
[Black "Swartz, Edward RG"]
[Result "1/2-1/2"]
[WhiteElo "1411"]
[BlackElo "1013"]
[PlyCount "112"]
[EventDate "2021.01.21"]
[WhiteTeam "London Dragons Kings"]
[BlackTeam "Young Dragons C"]

1. d4 d5 2. c4 Nf6 3. cxd5 Nxd5 4. Nf3 Nc6 5. e4 Nf6 6. Nc3 e6 7. Qc2 Nxd4 8.
Nxd4 Qxd4 9. Be3 Qd8 10. Bc4 Bb4 11. Rd1 Qe7 12. O-O Bxc3 13. bxc3 O-O 14. Bg5
h6 15. Bh4 g5 16. Bg3 Qc5 17. Bd3 Bd7 18. e5 Nh5 19. Bh7+ Kg7 20. Rxd7 Kh8 21.
Bg6 Qc6 22. Rxf7 Rxf7 23. Bxf7 Nf4 24. Bxf4 gxf4 25. Bg6 Rg8 26. Be4 Qb5 27.
Rb1 Qxe5 28. Rxb7 f3 29. Rb1 Rxg2+ 30. Kf1 Rxh2 31. Rb8+ Kg7 32. Bxf3 Qf4 33.
Qe2 Rh3 34. Bg2 Rxc3 35. Rb1 Qf5 36. Be4 Qh3+ 37. Ke1 Qh4 38. Qd2 Qxe4+ 39. Kf1
Qxb1+ 40. Kg2 Qg6+ 41. Kf1 Rc6 42. Qd4+ Kf8 43. Qd8+ Qe8 44. Qf6+ Kg8 45. Qxh6
Qf7 46. Qg5+ Qg7 47. Qd8+ Kh7 48. Qh4+ Qh6 49. Qe7+ Kg6 50. Qe8+ Kf5 51. Qxc6
Qd2 52. Qf3+ Qf4 53. Qh5+ Qg5 54. Qf3+ Qf4 55. Qh5+ Qg5 56. Qf3+ Qf4 1/2-1/2

[Event "Junior Online 4NCL Division 5"]
[Site "online"]
[Date "2021.01.21"]
[Round "1.34"]
[White "Caesar, Amelie"]
[Black "Xu, Sienna"]
[Result "1-0"]
[WhiteElo "653"]
[BlackElo "1339"]
[PlyCount "149"]
[EventDate "2021.01.21"]
[WhiteTeam "Young Dragons C"]
[BlackTeam "London Dragons Kings"]

1. e4 e5 2. Nf3 Nc6 3. Nc3 Nf6 4. d4 exd4 5. Nxd4 Bc5 6. Nxc6 bxc6 7. Bd3 O-O
8. O-O d6 9. Bg5 h6 10. Bd2 Be6 11. Qc1 d5 12. Bxh6 gxh6 13. Qxh6 dxe4 14. Nxe4
Nxe4 15. Bxe4 Re8 16. Bh7+ Kh8 17. Be4+ Kg8 18. Qh7+ Kf8 19. Bxc6 Rb8 20. Bxe8
Kxe8 21. Qg8+ Bf8 22. Rad1 Qe7 23. Qg3 Rxb2 24. Qc3 Rxa2 25. Ra1 Rxa1 26. Qxa1
Qc5 27. h3 Qxc2 28. Qxa7 Bc5 29. Qb8+ Ke7 30. Qb7 Kf6 31. Qf3+ Ke7 32. h4 Qf5
33. Qg3 Bd6 34. Qe3 Bf4 35. Qa3+ Bd6 36. Qe3 Bf4 37. Qa7 Qe5 38. Qa3+ Qd6 39.
Qf3 Bd5 40. Re1+ Kd7 41. Qg4+ Kc6 42. g3 Be6 43. Qf3+ Kd7 44. gxf4 Bd5 45. Qg4+
Be6 46. Qd1 Qxd1 47. Rxd1+ Ke7 48. h5 Kf8 49. Rd8+ Kg7 50. Kg2 c5 51. Kg3 Kh6
52. Kh4 c4 53. Rd6 Kg7 54. h6+ Kxh6 55. f5 c3 56. fxe6 c2 57. e7+ Kg7 58. Rc6
f6 59. Rxc2 Kf7 60. Rc7 Ke8 61. f4 f5 62. Kg5 Kf7 63. Kxf5 Ke8 64. Ra7 Kf7 65.
Ke5 Ke8 66. Kd6 Kf7 67. Kd7 Kf6 68. e8=Q Kf5 69. Qf8+ Kg4 70. Kd6 Kf3 71. Ra3+
Kg2 72. Qg8+ Kh1 73. Qa2 Kg1 74. Qb2 Kf1 75. Ra1# 1-0

[Event "Junior Online 4NCL Division 5"]
[Site "online"]
[Date "2021.01.21"]
[Round "1.35"]
[White "Rajdev, Vamika"]
[Black "Shi, Shaoquan"]
[Result "0-1"]
[WhiteElo "1150"]
[BlackElo "1513"]
[PlyCount "90"]
[EventDate "2021.01.21"]
[WhiteTeam "Young Dragons C"]
[BlackTeam "London Dragons Kings"]

1. d4 d5 2. c4 c6 3. e3 Nf6 4. Nc3 Bf5 5. Bd3 Bxd3 6. Qxd3 e6 7. Nf3 Bd6 8. O-O
h6 9. e4 dxe4 10. Nxe4 Nxe4 11. Qxe4 O-O 12. g3 Nd7 13. Bf4 Nf6 14. Qe3 Bxf4
15. Qxf4 Qd7 16. Rad1 Rad8 17. Ne5 Qd6 18. Rfe1 Qb4 19. Qd2 Qxd2 20. Rxd2 Nd7
21. Nxd7 Rxd7 22. Re5 Rfd8 23. Re4 c5 24. d5 exd5 25. cxd5 Rxd5 26. Rxd5 Rxd5
27. Re8+ Kh7 28. Re7 Rd1+ 29. Kg2 Ra1 30. Rxf7 Rxa2 31. Rxb7 a5 32. Rb5 a4 33.
Kf3 c4 34. b4 cxb3 35. Ke3 b2 36. Kd2 a3 37. Kc2 Ra1 38. f4 Rc1+ 39. Kb3 b1=Q+
40. Ka4 Qxb5+ 41. Kxb5 a2 42. Kb4 a1=Q 43. Kb3 Qb1+ 44. Ka4 Rc8 45. Ka5 Ra8#
0-1

[Event "Junior Online 4NCL Division 5"]
[Site "online"]
[Date "2021.01.21"]
[Round "1.36"]
[White "Xu, Jiarui"]
[Black "Kong, Emma"]
[Result "1-0"]
[WhiteElo "1452"]
[BlackElo "1000"]
[PlyCount "89"]
[EventDate "2021.01.21"]
[WhiteTeam "London Dragons Kings"]
[BlackTeam "Young Dragons C"]

1. e4 e5 2. Nf3 Nc6 3. Bc4 Nf6 4. d3 h6 5. Be3 d5 6. exd5 Nxd5 7. Bd2 Bc5 8. h3
O-O 9. O-O Re8 10. Nc3 Nxc3 11. Bxc3 Nd4 12. Re1 Nc6 13. Nxe5 Nxe5 14. Bxe5 Be6
15. Bb3 Bxb3 16. axb3 Qg5 17. Bxc7 Qf5 18. Bg3 Rxe1+ 19. Qxe1 a6 20. Qe5 Qxe5
21. Bxe5 Re8 22. Bg3 Re2 23. Rc1 Be7 24. Kf1 Re6 25. Re1 Rxe1+ 26. Kxe1 Bb4+
27. c3 Be7 28. Ke2 Kf8 29. Ke3 Ke8 30. Ke4 Kd7 31. d4 g6 32. Bf4 f5+ 33. Ke3 h5
34. g3 g5 35. Be5 g4 36. h4 Kc6 37. Kf4 Kd5 38. Kxf5 b5 39. Kg6 Ke4 40. Kxh5
Kf3 41. Kg6 Kxf2 42. h5 Ke3 43. h6 Ke4 44. h7 Kd5 45. h8=Q 1-0

[Event "Junior Online 4NCL Division 5"]
[Site "online"]
[Date "2021.01.21"]
[Round "1.37"]
[White "Swartz, Edward RG"]
[Black "Zhu, Pengxiao"]
[Result "1-0"]
[WhiteElo "1013"]
[BlackElo "1411"]
[PlyCount "71"]
[EventDate "2021.01.21"]
[WhiteTeam "Young Dragons C"]
[BlackTeam "London Dragons Kings"]

1. e4 e5 2. Nf3 Nc6 3. Bb5 f5 4. Bxc6 dxc6 5. exf5 e4 6. Ne5 Bxf5 7. Qh5+ g6 8.
Nxg6 Bxg6 9. Qe5+ Qe7 10. Qxh8 Bf7 11. Qxh7 Nf6 12. Qh3 Be6 13. Qe3 Qg7 14. Rg1
Qg6 15. Nc3 Bh6 16. Qg3 Qf5 17. d3 Bf8 18. Bg5 Nh5 19. Qe3 Bc5 20. d4 Bxd4 21.
Qxd4 Qxg5 22. Nxe4 Qg8 23. g4 Nf4 24. Nf6+ Kf8 25. Nxg8 Kxg8 26. Qxf4 Re8 27.
Qg5+ Kf8 28. O-O-O Bxa2 29. b3 b6 30. Rd8 Rxd8 31. Qxd8+ Kf7 32. Re1 Bxb3 33.
cxb3 Kg6 34. Re6+ Kg7 35. Qd7+ Kf8 36. Re8# 1-0

[Event "Junior Online 4NCL Division 5"]
[Site "online"]
[Date "2021.01.21"]
[Round "1.38"]
[White "Xu, Sienna"]
[Black "Caesar, Amelie"]
[Result "1-0"]
[WhiteElo "1339"]
[BlackElo "653"]
[PlyCount "141"]
[EventDate "2021.01.21"]
[WhiteTeam "London Dragons Kings"]
[BlackTeam "Young Dragons C"]

1. e4 e5 2. Nf3 Nc6 3. d4 exd4 4. Nxd4 Nxd4 5. Qxd4 d6 6. Nc3 Nf6 7. Bf4 c5 8.
Qd2 Be7 9. O-O-O O-O 10. Bc4 a5 11. e5 dxe5 12. Bxe5 Ng4 13. Bg3 Qb6 14. h3 Nf6
15. h4 a4 16. h5 h6 17. Be5 Bg4 18. f3 Bxh5 19. Bxf6 Bxf6 20. Rxh5 a3 21. b3
Bg5 22. Rxg5 hxg5 23. Qxg5 Qh6 24. Qxh6 gxh6 25. Rg1 Kh7 26. Ne4 f5 27. Nxc5 b6
28. Nd7 Rfd8 29. Nxb6 Rab8 30. Nd5 Kg6 31. Ne7+ Kg5 32. Nc6 Rbc8 33. Nxd8 Rxd8
34. Rh1 Re8 35. Kd2 Rd8+ 36. Kc3 Re8 37. Kb4 Ra8 38. Bd5 Ra7 39. f4+ Kg6 40.
Kb5 h5 41. Kb6 Rd7 42. Bc6 Rd2 43. Be8+ Kf6 44. Rxh5 Rxc2 45. Rh6+ Kg7 46. Rg6+
Kf8 47. Bc6 Rxa2 48. Kc7 Rb2 49. Bd5 a2 50. Ra6 Rc2+ 51. Kb6 Ke7 52. b4 Rb2 53.
Rxa2 Rxb4+ 54. Kc5 Rxf4 55. g3 Rg4 56. Ra7+ Kf6 57. Ra6+ Ke5 58. Ra3 Rd4 59.
Re3+ Re4 60. Bxe4 fxe4 61. g4 Kf4 62. g5 Kxg5 63. Rxe4 Kf5 64. Kd5 Kf6 65. Rf4+
Kg5 66. Ke5 Kg6 67. Rf1 Kg7 68. Ke6 Kh7 69. Rg1 Kh8 70. Kf7 Kh7 71. Rh1# 1-0

[Event "Junior Online 4NCL Division 5"]
[Site "online"]
[Date "2021.01.21"]
[Round "1.41"]
[White "Penderis, Jasper"]
[Black "Chung, Daniel"]
[Result "0-1"]
[WhiteElo "900"]
[BlackElo "1482"]
[PlyCount "92"]
[EventDate "2021.01.21"]
[WhiteTeam "The Hall 4"]
[BlackTeam "Young Dragons B"]

1. e4 c5 2. Bc4 e6 3. Nc3 Nc6 4. Nf3 Nge7 5. d3 d5 6. Bb5 dxe4 7. dxe4 Qxd1+ 8.
Kxd1 a6 9. Bxc6+ Nxc6 10. Bf4 b5 11. Kd2 Bb7 12. Rad1 O-O-O+ 13. Kc1 Be7 14.
Kb1 Rd7 15. Rc1 Rhd8 16. Rcd1 b4 17. Rxd7 Rxd7 18. Ne2 a5 19. Ng5 Bxg5 20. Bxg5
h6 21. Bf4 g5 22. Bg3 Rd2 23. Re1 h5 24. h3 Ba6 25. Nc1 Nd4 26. f3 Rxg2 27. Bd6
Rxc2 28. Bxc5 Rxc5 29. Rd1 e5 30. Rg1 Nxf3 31. Rf1 Nd2+ 32. Ka1 Nxf1 33. Nb3
Rc2 34. Kb1 Bd3 35. a3 Nd2+ 36. Ka2 bxa3 37. Kxa3 Nxb3 38. Kxb3 Bxe4 39. Ka4
Rxb2 40. Kxa5 Kc7 41. Ka4 Kc6 42. Ka3 Rb7 43. Ka4 Kc5 44. Ka3 Kc4 45. Ka2 Kc3
46. Ka1 Kc2 0-1

[Event "Junior Online 4NCL Division 5"]
[Site "online"]
[Date "2021.01.21"]
[Round "1.42"]
[White "Davies, Milo"]
[Black "Pasha, Ahmed"]
[Result "1-0"]
[WhiteElo "1421"]
[BlackElo "900"]
[PlyCount "55"]
[EventDate "2021.01.21"]
[WhiteTeam "Young Dragons B"]
[BlackTeam "The Hall 4"]

1. e4 e5 2. Nf3 Nc6 3. Bc4 Nf6 4. Ng5 Qe7 5. Bxf7+ Kd8 6. Bb3 Nd4 7. Nf7+ Ke8
8. Nxh8 Nxb3 9. axb3 Nxe4 10. Qf3 Ng5 11. Qh5+ Nf7 12. Nxf7 Qxf7 13. Qxf7+ Kxf7
14. O-O b5 15. Re1 d6 16. Nc3 Rb8 17. Rxa7 Be6 18. Rxc7+ Be7 19. d3 b4 20. Ne4
Bd5 21. Bg5 Ke6 22. Rxe7+ Kf5 23. Rxg7 Bxe4 24. dxe4+ Ke6 25. Re3 Ra8 26. h3
Ra2 27. Rf3 Rxb2 28. Re7# 1-0

[Event "Junior Online 4NCL Division 5"]
[Site "online"]
[Date "2021.01.21"]
[Round "1.43"]
[White "Lonberg, Christian"]
[Black "Ryan, Tabitha"]
[Result "0-1"]
[WhiteElo "900"]
[BlackElo "1435"]
[PlyCount "71"]
[EventDate "2021.01.21"]
[WhiteTeam "The Hall 4"]
[BlackTeam "Young Dragons B"]

1. e4 d6 2. Nc3 Nf6 3. Nf3 g6 4. Bc4 Bg7 5. d3 Nc6 6. O-O Bg4 7. Be3 O-O 8. h3
Bxf3 9. Qxf3 Ne5 10. Bxf7+ Rxf7 11. Qd1 a6 12. Bd4 Nc6 13. Bxf6 Bxf6 14. a4 Qd7
15. Nd5 Bg7 16. b4 Bxa1 17. Qxa1 e5 18. c3 Ne7 19. b5 axb5 20. a5 Nxd5 21. exd5
Qf5 22. Rd1 Qxf2+ 23. Kh2 Qe2 24. Re1 Qxd3 25. Qc1 Qxd5 26. Rf1 Rxf1 27. Qxf1
Rf8 28. Qg1 Qd2 29. Kh1 Qe2 30. h4 Rf1 31. Kh2 Rxg1 32. Kxg1 Qe3+ 33. Kh2 Qxc3
34. g3 b4 35. Kh3 b3 36. Kg4 0-1

[Event "Junior Online 4NCL Division 5"]
[Site "online"]
[Date "2021.01.21"]
[Round "1.44"]
[White "Caesar, Isabella"]
[Black "Hansjee, Sebastian"]
[Result "1-0"]
[WhiteElo "1255"]
[BlackElo "900"]
[PlyCount "33"]
[EventDate "2021.01.21"]
[WhiteTeam "Young Dragons B"]
[BlackTeam "The Hall 4"]

1. e4 e5 2. Nf3 Nf6 3. Nc3 Nc6 4. d4 exd4 5. Nxd4 Nxd4 6. Qxd4 d6 7. Qd1 Bd7 8.
Bg5 Be7 9. Bxf6 Bxf6 10. Bc4 Qe7 11. O-O Bxc3 12. bxc3 Qf6 13. Qd3 O-O-O 14.
Ba6 bxa6 15. Qxa6+ Kb8 16. Rab1+ Ka8 17. Qb7# 1-0

[Event "Junior Online 4NCL Division 5"]
[Site "online"]
[Date "2021.01.21"]
[Round "1.46"]
[White "Pasha, Ahmed"]
[Black "Davies, Milo"]
[Result "0-1"]
[WhiteElo "900"]
[BlackElo "1421"]
[PlyCount "124"]
[EventDate "2021.01.21"]
[WhiteTeam "The Hall 4"]
[BlackTeam "Young Dragons B"]

1. e4 d5 2. exd5 Qxd5 3. Nc3 Qa5 4. d3 Nf6 5. Bf4 Bg4 6. Qd2 Nc6 7. d4 O-O-O 8.
Nb5 Qxd2+ 9. Kxd2 Nd5 10. Bxc7 Nxc7 11. Nxa7+ Nxa7 12. h3 Bf5 13. Re1 Rxd4+ 14.
Bd3 Bxd3 15. Re3 Bf1+ 16. Kc3 Bxg2 17. Nf3 Nd5+ 18. Kxd4 Nxe3 19. Rh2 Bxf3 20.
h4 Ng4 21. Rh3 Nxf2 22. Rxf3 Ng4 23. Rxf7 Nc6+ 24. Kc5 e5+ 25. Kd5 e4 26. Rf4
e3 27. Rxg4 e2 28. Re4 Nb4+ 29. Kc4 Nxc2 30. Rxe2 Nb4 31. Re8+ Kd7 32. Rb8 Kc7
33. Ra8 Na6 34. Re8 g6 35. Re4 Bh6 36. Re7+ Kc6 37. Re6+ Kd7 38. Rb6 Rc8+ 39.
Kb5 Rc5+ 40. Ka4 Rc4+ 41. Kb5 Rb4+ 42. Ka5 Rxb6 43. Kxb6 g5 44. Kxb7 Nc5+ 45.
Kb6 gxh4 46. Kxc5 h3 47. Kd4 h2 48. Ke5 h1=Q 49. Kf6 Qf3+ 50. Ke5 Qf4+ 51. Kd5
Qd2+ 52. Kc5 Qxb2 53. Kd5 Qxa2+ 54. Ke5 Qe6+ 55. Kd4 Qf5 56. Kc4 Kd6 57. Kd4
Qg4+ 58. Kd3 Qf4 59. Ke2 Qg3 60. Kf1 Qh2 61. Ke1 Kd5 62. Kd1 Qd2# 0-1

[Event "Junior Online 4NCL Division 5"]
[Site "online"]
[Date "2021.01.21"]
[Round "1.47"]
[White "Ryan, Tabitha"]
[Black "Lonberg, Christian"]
[Result "1-0"]
[WhiteElo "1435"]
[BlackElo "900"]
[PlyCount "29"]
[EventDate "2021.01.21"]
[WhiteTeam "Young Dragons B"]
[BlackTeam "The Hall 4"]

1. d4 d5 2. Nf3 Nc6 3. Bf4 Nf6 4. e3 Bf5 5. c3 g6 6. Nbd2 Bg7 7. Nh4 O-O 8.
Nxf5 gxf5 9. Bd3 a6 10. Bxf5 b5 11. a3 a5 12. Qf3 b4 13. Qg3 Ne8 14. Qh3 bxc3
15. Qxh7# 1-0

[Event "Junior Online 4NCL Division 5"]
[Site "online"]
[Date "2021.01.21"]
[Round "1.48"]
[White "Hansjee, Sebastian"]
[Black "Caesar, Isabella"]
[Result "0-1"]
[WhiteElo "900"]
[BlackElo "1255"]
[PlyCount "46"]
[EventDate "2021.01.21"]
[WhiteTeam "The Hall 4"]
[BlackTeam "Young Dragons B"]

1. e4 e5 2. Nc3 Nf6 3. a3 Nc6 4. Bc4 d6 5. Nf3 Be7 6. O-O O-O 7. d3 Bg4 8. Qe2
Nd4 9. Qd1 Nxf3+ 10. Kh1 Nxh2 11. Qe1 Nxf1 12. Qxf1 Qd7 13. Qe1 Bh3 14. g3 Qg4
15. Kg1 Qf3 16. Qf1 Bxf1 17. Kxf1 Ng4 18. Ke1 Qxf2+ 19. Kd1 Ne3+ 20. Bxe3 Qxe3
21. d4 Bg5 22. Bxf7+ Rxf7 23. Ne2 Qd2# 0-1

[Event "Junior Online 4NCL Division 5"]
[Site "online"]
[Date "2021.01.21"]
[Round "1.51"]
[White "Boikovs, Alexander"]
[Black "Innani, Nipun"]
[Result "1-0"]
[WhiteElo "1500"]
[BlackElo "1000"]
[PlyCount "53"]
[EventDate "2021.01.21"]
[WhiteTeam "Golden Falcons 1"]
[BlackTeam "KEGS C"]

1. e4 e5 2. Nf3 Nf6 3. Nxe5 Nc6 4. Nxc6 dxc6 5. d3 Bc5 6. Be2 Qd4 7. Be3 Qxb2
8. Nd2 Bxe3 9. fxe3 Qc3 10. O-O O-O 11. e5 Qxe5 12. Nf3 Qxe3+ 13. Kh1 Bg4 14.
h3 Bxf3 15. Rxf3 Qd4 16. Rb1 b5 17. c4 bxc4 18. dxc4 Qxd1+ 19. Rxd1 Ne4 20. Rd4
Nc3 21. Rxc3 Rad8 22. Rcd3 Rxd4 23. Rxd4 c5 24. Rd5 Re8 25. Bg4 Re1+ 26. Kh2
Ra1 27. Rd8# 1-0

[Event "Junior Online 4NCL Division 5"]
[Site "online"]
[Date "2021.01.21"]
[Round "1.52"]
[White "Lankothu, Sushant"]
[Black "Jakovlev, Mark"]
[Result "1-0"]
[WhiteElo "1000"]
[BlackElo "1451"]
[PlyCount "89"]
[EventDate "2021.01.21"]
[WhiteTeam "KEGS C"]
[BlackTeam "Golden Falcons 1"]

1. e4 e5 2. Nf3 d6 3. Bc4 Bg4 4. h3 Bh5 5. d3 d5 6. Bxd5 c6 7. Bb3 Nd7 8. Nc3
Nc5 9. Qe2 Nxb3 10. axb3 b5 11. Qe3 b4 12. Ne2 Qb6 13. Qxb6 axb6 14. Rxa8+ Ke7
15. Nxe5 f6 16. Nxc6+ Kd6 17. Nxb4 Ke7 18. Nd4 Nh6 19. Bxh6 gxh6 20. O-O Be8
21. Nf5+ Ke6 22. Rxe8+ Kf7 23. Rb8 h5 24. Nh6+ Kg7 25. Nf5+ Kg6 26. Ne7+ Kf7
27. Rb7 Bxe7 28. Nd5 Kf8 29. Nxe7 Ke8 30. Rb8+ Kxe7 31. Rxh8 b5 32. Rxh7+ Ke6
33. Rxh5 b4 34. c3 bxc3 35. bxc3 Kf7 36. Rd5 Ke6 37. b4 Ke7 38. b5 Ke6 39. b6
Ke7 40. b7 Ke8 41. b8=Q+ Ke7 42. Qc7+ Ke6 43. Qc6+ Kf7 44. Rd7+ Ke8 45. Qc8#
1-0

[Event "Junior Online 4NCL Division 5"]
[Site "online"]
[Date "2021.01.21"]
[Round "1.53"]
[White "Shelest, Sergei"]
[Black "Jinturkar, Paras"]
[Result "0-1"]
[WhiteElo "1451"]
[BlackElo "1000"]
[PlyCount "64"]
[EventDate "2021.01.21"]
[WhiteTeam "Golden Falcons 1"]
[BlackTeam "KEGS C"]

1. c4 e5 2. Nc3 Nf6 3. e3 d5 4. cxd5 Nxd5 5. Nxd5 Qxd5 6. d4 exd4 7. Qxd4 Qxd4
8. exd4 Bf5 9. Bf4 Bb4+ 10. Kd1 Kd8 11. Nf3 Bg4 12. Bc4 Bxf3+ 13. gxf3 Nc6 14.
Be3 a6 15. Bxf7 Rf8 16. Bh5 g6 17. Bh6 Rf6 18. Bg4 Nxd4 19. f4 Rd6 20. Bg5+ Ke8
21. Kc1 h5 22. Bd1 Ne6 23. a3 Bd2+ 24. Kc2 Nxg5 25. fxg5 Bxg5 26. Re1+ Kf8 27.
Bf3 Rd2+ 28. Kb3 Rd3+ 29. Ka2 Rxf3 30. Rg1 Bf6 31. Rxg6 Rxf2 32. Rh6 Rxb2# 0-1